00645nam a22001697a 4500020001800000040000900018082001500027100004400042245004900086250001100135260003100146300002400177942001200201999001900213952012600232952011700358 a9789673498161 cNUST a006.3bRUS aRussell, Stuart J & Norvig Peter958905 aArtificial Intelligence :ba modren approach a3rd Ed aMalaysia,bPearson.c2020. axvii, 1145P.c30cm. 2ddccBK c590073d590073 00102ddc4070aSMMEbSMMEcGENd2022-06-01l2o006.3 RUSpSMME-3749q2023-06-16r2023-05-17s2023-05-17w2022-06-01yBK 00102ddc4070aSMMEbSMMEcGENd2022-06-03l1m3o006.3 RUSpSMME-3718r2024-01-10s2023-09-25w2022-06-03yBK